000 00210nam a2200097Ia 4500
008 170619s9999 xx 000 0 und d
100 _aSingh
245 0 _aPower Electronics
260 _bNew Delhi:TMH
260 _c2000
546 _aENGLISH
999 _c16133
_d16133